Dunajský pohár slúži ako príprava vodnopólová reprezentácia v Košiciach

Podrobná bibliografia
Hlavný autor: Špacai, Marián (Author)
Médium: Článok
Jazyk:Slovak
Témy:
Zdroj: 1. Košický večer. Korzár 1. Roč. XX, č. 33 (2010), s. 20 1. 1336-5320
LEADER 00805nab#a2200289#ar4500
001 000108065
003 SVKKK
005 20120507105447.0
008 120507c2010 xo |||||||||||||||b|slo
FMT
038 |a SVKKK 
040 |a SVKKK  |b slo  |e AACR2 
041 0 |a slo 
044 |a xo  |c SK 
080 |a 797.253  |2 1997 
100 1 |a Špacai, Marián  |4 aut 
245 1 0 |a Dunajský pohár slúži ako príprava  |b vodnopólová reprezentácia v Košiciach  |c Marián Špacai 
300 |b Obr. 
611 2 4 |a Dunajský pohár  |d (2010 : c Košice, Slovensko) 
650 0 4 |a vodné pólo  |x reprezentácia 
651 4 |a Košice (Slovensko)  |x šport 
773 0 |t Košický večer. Korzár  |g Roč. XX, č. 33 (2010), s. 20  |x 1336-5320 
974 |a Va 
992 |a RBX 
BAS
852 |a SVKKK  |b BIB 
998 |a REG